Nicolás Alexandrovitch Romanoff, ciudadano soviético / (Record no. 140975)

MARC details
000 -LEADER
campo de control de longitud fija 00803nam a2200217 i 4500
001 - NÚMERO DE CONTROL
campo de control 140975
003 - IDENTIFICADOR DE NÚMERO DE CONTROL
campo de control ES-MaACL
005 - FECHA Y HORA DE LA ÚLTIMA TRANSACCIÓN
campo de control 20251015164504.0
007 - CAMPO FIJO DE DESCRIPCIÓN FÍSICA--INFORMACIÓN GENERAL
campo de control de longitud fija t|
008 - DATOS DE LONGITUD FIJA--INFORMACIÓN GENERAL
campo de control de longitud fija 070918s1931 sp |||| | spa d
100 1# - ENTRADA PRINCIPAL--NOMBRE DE PERSONA
Nombre de persona Wilkens, Jack.
9 (RLIN) 116851
245 10 - MENCIÓN DEL TÍTULO
Título Nicolás Alexandrovitch Romanoff, ciudadano soviético /
Mención de responsabilidad, etc. Jack Wilkens [seud.] ; traducido del francés por Demófilo Dantón Ferrero ; prólogo de E. Barriobero y Herrán.
260 ## - PUBLICACIÓN, DISTRIBUCIÓN, ETC.
Lugar de publicación, distribución, etc. Madrid :
Nombre del editor, distribuidor, etc. J. Mª Yagúes,
Fecha de publicación, distribución, etc. 1931 (
Fabricante Imp. de Galo Saez)
300 ## - DESCRIPCIÓN FÍSICA
Extensión 252 p. ;
Dimensiones 18 cm.
600 04 - PUNTO DE ACCESO ADICIONAL DE MATERIA--NOMBRE DE PERSONA
Nombre de persona Nicolás
Numeración II
Títulos y otros términos asociados al nombre Emperador de Rusia.
9 (RLIN) 85573
700 1# - ENTRADA AGREGADA--NOMBRE PERSONAL
Nombre de persona Dantón Ferrero, Demófilo.
9 (RLIN) 42671
700 1# - ENTRADA AGREGADA--NOMBRE PERSONAL
Nombre de persona Barriobero y Herrán, Eduardo,
Fechas asociadas al nombre 1875-1939
9 (RLIN) 26012
852 ## - LOCALIZACIÓN
Ubicación ES-MaACL
Número de control de estantería A-1229
852 ## - LOCALIZACIÓN
Ubicación ES-MaACL
Número de control de estantería B-12311
Holdings
Estatus retirado Estado de pérdida Estado de daño No para préstamo Biblioteca de origen Biblioteca actual Ubicación en estantería Fecha de adquisición Fuente de adquisición Total de préstamos Signatura topográfica completa Código de barras Visto por última vez Precio de reemplazo Tipo de ítem Koha
        Biblioteca del Ateneo de Madrid Biblioteca del Ateneo de Madrid Sala Pardo Bazán 17/01/2008     B-12311 1146691 23/02/2023 23/02/2023 Libro impreso
        Biblioteca del Ateneo de Madrid Biblioteca del Ateneo de Madrid Sala Pecera Planta 1 17/01/2008     A-1229 1146690 23/02/2023 23/02/2023 Libro impreso